Clinical Assessment of Child and Adolescent Personality and Behavior
Springernature.com
Gespeichert in:
| 1. Verfasser: | |
|---|---|
| Weitere Verfasser: | |
| Format: | Buch |
| Sprache: | Undetermined |
| Veröffentlicht: |
Springer
2010
|
| Schlagworte: | |
| Online Zugang: | http://lrc.tdmu.edu.vn/opac/search/detail.asp?aID=2&ID=40421 |
| Tags: |
Tag hinzufügen
Keine Tags, Fügen Sie den ersten Tag hinzu!
|
| Thư viện lưu trữ: | Trung tâm Học liệu Trường Đại học Thủ Dầu Một |
|---|
| LEADER | 00744nam a2200193Ia 4500 | ||
|---|---|---|---|
| 001 | TDMU_40421 | ||
| 008 | 210410s9999 xx 000 0 und d | ||
| 082 | |a 370.113 | ||
| 100 | |a Frick, Paul J | ||
| 245 | 0 | |a Clinical Assessment of Child and Adolescent Personality and Behavior | |
| 245 | 0 | |c Paul J. Frick, Christopher T. Barry, Randy W.Kamphaus | |
| 260 | |b Springer | ||
| 260 | |c 2010 | ||
| 300 | |a 512pages | ||
| 520 | |a Springernature.com | ||
| 650 | |a Tâm lý học trẻ em |x Đánh giá lâm sàng; Child and Adolescent Personality; Child psychology | ||
| 700 | |a Barry, Christopher T | ||
| 856 | |u http://lrc.tdmu.edu.vn/opac/search/detail.asp?aID=2&ID=40421 | ||
| 980 | |a Trung tâm Học liệu Trường Đại học Thủ Dầu Một | ||